Central Library OPAC University of Rajshahi

Quarterly scheduled banks statistics / (Record no. 30708)

MARC details
000 -LEADER
fixed length control field 01326cas a2200385 4500
001 - CONTROL NUMBER
control field 30708
003 - CONTROL NUMBER IDENTIFIER
rucl marc code BD-RjUL
005 - DATE AND TIME OF LATEST TRANSACTION
control field 20211209051614.0
008 - FIXED-LENGTH DATA ELEMENTS--GENERAL INFORMATION
fixed length control field 140411c19759999bg qr s 0 a0eng
035 ## - SYSTEM CONTROL NUMBER
System control number (OCoLC)ocm02821908
System control number (BD-RjUL)30795
040 ## - CATALOGING SOURCE
Original cataloging agency DLC
Language of cataloging eng
Transcribing agency DLC
Modifying agency NST
-- OCoLC
-- NYDWH
-- OCLCO
-- OCoLC
-- BD-RjUL
042 ## - AUTHENTICATION CODE
Authentication code pcc
043 ## - GEOGRAPHIC AREA CODE
Geographic area code a-bg---
082 0# - DEWEY DECIMAL CLASSIFICATION NUMBER
Classification number 332.1095492
Author mark and year SBS
110 2# - MAIN ENTRY--CORPORATE NAME
Corporate name or jurisdiction name as entry element Bangladesh Bank.
Subordinate unit Statistics Department.
9 (RLIN) 4651
245 10 - TITLE STATEMENT
Title Quarterly scheduled banks statistics /
Statement of responsibility, etc. Bangladesh Bank, Statistics Department.
246 14 - VARYING FORM OF TITLE
Title proper/short title Scheduled banks statistics
Date or sequential designation June 1975-
260 ## - PUBLICATION, DISTRIBUTION, ETC. (IMPRINT)
Place of publication, distribution, etc. Dhaka :
Name of publisher, distributor, etc. Bangladesh Bank, Statistics Dept,
Date of publication, distribution, etc. 1975-
300 ## - PHYSICAL DESCRIPTION
Pagination v.
Illustrations ill. :
Size 25 cm.
650 #0 - SUBJECT ADDED ENTRY--TOPICAL TERM
Topical term or geographic name as entry element Banks and banking
Geographic subdivision Bangladesh
Form subdivision Statistics
-- Periodicals.
9 (RLIN) 93315
Topical term or geographic name as entry element BANKS.
Source of heading or term unbist
9 (RLIN) 93316
Topical term or geographic name as entry element BANKING.
Source of heading or term unbist
9 (RLIN) 93317
Topical term or geographic name as entry element FINANCIAL STATISTICS.
Source of heading or term unbist
9 (RLIN) 93318
Topical term or geographic name as entry element BANGLADESH.
Source of heading or term unbist
9 (RLIN) 93319
710 2# - ADDED ENTRY--CORPORATE NAME
Corporate name or jurisdiction name as entry element Bangladesh Bank.
Subordinate unit Statistics Department.
Title of a work Scheduled banks statistics.
9 (RLIN) 93320
780 00 - PRECEDING ENTRY
Main entry heading Bangladesh Bank. Statistics Department.
Title Quarterly banking statistics
936 ## - OCLC/CONSER MISCELLANEOUS DATA (OCLC); PIECE USED FOR CATALOGING (pre-AACR2) (RLIN)
OCLC control number(s) of parallel record(s) (OCLC); Piece used for cataloging, PUC (RLIN) June 1975
942 ## - ADDED ENTRY ELEMENTS (KOHA)
Source of classification or shelving scheme Dewey Decimal Classification
Koha item type Continuing Resources
Holdings
Lost status Source of classification or shelving scheme Damaged status Not for loan Permanent Location Current Location Shelving location Date acquired Source of acquisition Cost, normal purchase price Total Checkouts Full call number Date last seen Copy number Koha item type
  Dewey Decimal Classification   Not For Loan Central Library, University of Rajshahi Central Library, University of Rajshahi   19/06/1999 Bangladesh Bank 0.00   P 332.1095492 SBS Jan.-Dec. 1998 11/04/2014 C-1 Continuing Resources
  Dewey Decimal Classification   Not For Loan Central Library, University of Rajshahi Central Library, University of Rajshahi   11/02/2013 Bangladesh Bank, Gift 0.00   P 332.1095492 SBS Jan.-Jun. 2012 25/04/2014 C-1 Continuing Resources